Strategic sustainability the state of the art in corporate environmental management systems /

Bibliographic Details
Corporate Author: ProQuest (Firm)
Other Authors: Sroufe, Robert Paul., Sarkis, Joseph.
Format: Electronic eBook
Language:English
Published: Sheffield, U.K. : Greenleaf Pub., 2007.
Subjects:
Online Access:Click to View
LEADER 01594nam a2200385 a 4500
001 EBC1741725
003 MiAaPQ
005 20200520144314.0
006 m o d |
007 cr cn|||||||||
008 070730s2007 enka sb 001 0 eng d
010 |z  2007408699 
020 |z 9781874719618 (hard) 
020 |z 1874719616 (hard) 
020 |a 9781907643231 (electronic bk.) 
035 |a (MiAaPQ)EBC1741725 
035 |a (Au-PeEL)EBL1741725 
035 |a (CaPaEBR)ebr10650122 
035 |a (OCoLC)828736582 
040 |a MiAaPQ  |c MiAaPQ  |d MiAaPQ 
050 4 |a GE300  |b .S783 2007 
082 0 4 |a 658.4/083  |2 22 
245 0 0 |a Strategic sustainability  |h [electronic resource] :  |b the state of the art in corporate environmental management systems /  |c edited by Robert Sroufe and Joseph Sarkis. 
260 |a Sheffield, U.K. :  |b Greenleaf Pub.,  |c 2007. 
300 |a 272 p. :  |b ill. 
500 |a Includes erratum sheet ("Amended bibliographic references"). 
504 |a Includes bibliographical references and index. 
505 0 |a pt. I. EMS planning and design -- pt. II. Implementation and operation -- pt. III. Environmental management system evaluation. 
533 |a Electronic reproduction. Ann Arbor, MI : ProQuest, 2015. Available via World Wide Web. Access may be limited to ProQuest affiliated libraries. 
650 0 |a Environmental management. 
655 4 |a Electronic books. 
700 1 |a Sroufe, Robert Paul. 
700 1 |a Sarkis, Joseph. 
710 2 |a ProQuest (Firm) 
856 4 0 |u https://ebookcentral.proquest.com/lib/matrademy/detail.action?docID=1741725  |z Click to View